| 000 | 00510nam a2200181Ia 4500 | ||
|---|---|---|---|
| 003 | PILC | ||
| 005 | 20160201122042.0 | ||
| 008 | 140609s9999 xx 000 0 und d | ||
| 020 | _a9780071740029 | ||
| 050 |
_aBF 173 _b.Sn674 2010 |
||
| 100 | _aSnowden, Ruth. | ||
| 245 |
_aFreud the key ideas / _cRuth Snowden, |
||
| 260 |
_aUnited Kingdom : _bMcGraw-Hill, _c2010. |
||
| 300 |
_a205 pages : _billustrations ; _c20 cm. |
||
| 500 | _aIncludes glossary and index. | ||
| 942 |
_kFOR _cBK _2lcc |
||
| 999 |
_c118145 _d118145 |
||